Statistics for Famous Meme Characters

Click here to take the quiz!

General Stats

  • This quiz has been taken 29 times
  • The average score is 10 of 12

Answer Stats

Answer% Correct
Buzz / Woody
95%
Homer Simpson
95%
Shrek
95%
Spongebob
95%
Handsome Squidward
91%
Mr. Incredible
86%
Wonka Willy
82%
Amogus
77%
Gru
77%
Pepe
73%
Mike Wazowski
68%
Fry
41%

Score Distribution

Percentile by Number Answered

Percent of People with Each Score

Your Score History

You have not taken this quiz